LEADER 01837oam 2200517zu 450 001 9910376227903321 005 20210807001935.0 035 $a(CKB)3170000000002026 035 $a(SSID)ssj0000752865 035 $a(PQKBManifestationID)12309506 035 $a(PQKBTitleCode)TC0000752865 035 $a(PQKBWorkID)10800865 035 $a(PQKB)10744329 035 $a(Association for Computing Machinery)10.1145/512161 035 $a(EXLCZ)993170000000002026 100 $a20160829d2001 uy 101 0 $aeng 135 $aurnn|008mam|a 181 $ctxt 182 $cc 183 $acr 200 10$aACM-GIS 2001 : proceedings of the 9th ACM International Symposium on Advances in Geographic Information Systems, November 9-10, 2001, Atlanta, GA, USA 210 31$a[Place of publication not identified]$cACM Press$d2001 215 $a1 online resource (184 p.;) 225 1 $aACM Conferences 300 $aBibliographic Level Mode of Issuance: Monograph 311 $a1-58113-443-6 410 0$aACM Conferences 517 3 $aGIS '01 606 $aGeographic information systems$vCongresses 606 $aGeography$2HILCC 606 $aEarth & Environmental Sciences$2HILCC 606 $aGeography-General$2HILCC 615 0$aGeographic information systems 615 7$aGeography 615 7$aEarth & Environmental Sciences 615 7$aGeography-General 676 $a910/.285 702 $aAref$b Walid G. 712 02$aACM Digital Library. 712 12$aACM International Symposium on Advances in Geographic Information Systems. 801 0$bPQKB 906 $aBOOK 912 $a9910376227903321 996 $aACM-GIS 2001 : proceedings of the 9th ACM International Symposium on Advances in Geographic Information Systems, November 9-10, 2001, Atlanta, GA, USA$92201745 997 $aUNINA